Statistiken für Deutsche Politikerinnen (Bilder)

Klicken Sie hier um das Quiz zu spielen!

Allgemein

  • Dieses Quiz wurde 292 mal gespielt
  • Das Durchschnittsergebnis liegt bei 10 aus 16

Antwortstatistiken

Antwort% Korrekt
Angela Merkel
99%
Ursula von der Leyen
95%
Sahra Wagenknecht
91%
Claudia Roth
90%
Annalena Baerbock
86%
Annegret Kramp-Karrenbauer
86%
Andrea Nahles
78%
Renate Künast
69%
Malu Dreyer
60%
Petra Pau
53%
Manuela Schwesig
49%
Rita Süssmuth
47%
Hannelore Kraft
46%
Heide Simonis
31%
Sabine Leutheusser-Schnarrenberger
27%
Annemarie Renger
23%

Verteilung der Resultate

Perzentil nach korrekt beantworteten Fragen

Anzahl Personen mit jedem Resultat

Ihre Resultats-Entwicklung

Sie haben dieses Quiz noch nicht gespielt